|
|
|
|
| LEADER |
00994nab a2200253 i 4500 |
| 001 |
misc61884 |
| 005 |
20230120151554.0 |
| 008 |
220802s1966 hu o 0|| ger d |
| 022 |
|
|
|a 0374-0463
|
| 040 |
|
|
|a SZTE Miscellanea Repozitórium
|b hun
|
| 041 |
|
|
|a ger
|
| 100 |
1 |
|
|a Meyer Iben Raphael
|
| 245 |
1 |
0 |
|a Nikolaus Poppe, Vergleichende Grammatik der altaischen Sprachen. Teil 1. Vergleichende Lautlehre. Wiesbaden, Harrassowitz 1960
|h [elektronikus dokumentum] :
|b Buchbesprechung /
|c Meyer Iben Raphael
|
| 260 |
|
|
|c 1966
|
| 300 |
|
|
|a 109-115
|c 23 cm
|
| 300 |
|
|
|a [7] p.
|c 23 cm
|
| 490 |
0 |
|
|a Acta Linguistica Hafniensia : International Journal of Linguistics
|
| 561 |
|
|
|a Németh Gyula hagyaték
|
| 591 |
|
|
|a LOA 2416; NOA 3677
|
| 650 |
|
4 |
|a Bölcsészettudományok
|
| 650 |
|
4 |
|a Nyelvek és irodalom
|
| 695 |
|
|
|a Összehasonlító nyelvészet - altaji nyelvek
|
| 700 |
0 |
1 |
|a Poppe Nikolaj Nikolaevič
|
| 856 |
4 |
0 |
|u http://misc.bibl.u-szeged.hu/61884/1/3677_noa_m60_01.pdf
|z Dokumentum-elérés
|